[Event "Senior DM 2020 50+"]
[Site "Logumkloster"]
[Date "2020.02.09"]
[Round "1"]
[White "Skov, Palle"]
[Black "von Bulow, Soren"]
[Result "1/2-1/2"]
[WhiteElo "1966"]
[BlackElo "1587"]
[PlyCount "46"]
[EventDate "2020.02.09"]
[EventType "swiss"]
[EventRounds "7"]
[EventCountry "DEN"]

1. Nf3 d5 2. g3 Nf6 3. Bg2 c5 4. O-O Nc6 5. d4 e6 6. b3 b6 7. Bb2 Bb7 8. Nbd2
Be7 9. c4 O-O 10. Rc1 Rc8 11. cxd5 exd5 12. Re1 Ne4 13. Nxe4 dxe4 14. Nd2 f5
15. dxc5 Bxc5 16. Nc4 Qe7 17. Qd5+ Kh8 18. Ne5 Nxe5 19. Qxe5 Qxe5 20. Bxe5 Rcd8
21. Red1 Ba6 22. Rxd8 Rxd8 23. g4 fxg4 1/2-1/2

[Event "Senior DM 2020 50+"]
[Site "Logumkloster"]
[Date "2020.02.09"]
[Round "1"]
[White "Starup, Leo"]
[Black "Rosenberg, Jan"]
[Result "1-0"]
[WhiteElo "1529"]
[BlackElo "1865"]
[PlyCount "68"]
[EventDate "2020.02.09"]
[EventType "swiss"]
[EventRounds "7"]
[EventCountry "DEN"]

1. e4 c5 2. Nf3 d6 3. d4 cxd4 4. Nxd4 Nf6 5. Nc3 a6 6. h3 e5 7. Nb3 Be6 8. Bd3
Be7 9. Be3 Nbd7 10. Qe2 Rc8 11. O-O O-O 12. a4 Qc7 13. a5 Nc5 14. Nd2 h6 15.
Rfb1 Qc6 16. Rc1 Qd7 17. Nc4 Bxc4 18. Bxc4 Ncxe4 19. Na4 Qc6 20. Nb6 Rcd8 21.
c3 d5 22. Bd3 Nc5 23. Bc2 Qe6 24. b4 Nce4 25. Bb3 Qd6 26. Rab1 Qc7 27. Qe1 Qb8
28. c4 d4 29. Bd2 Nxd2 30. Qxd2 Ne4 31. Qe1 Nc3 32. Nd5 Nxd5 33. cxd5 Rc8 34.
Bc2 Bg5 1-0

[Event "Senior DM 2020 50+"]
[Site "Logumkloster"]
[Date "2020.02.09"]
[Round "1"]
[White "Otten, Peter"]
[Black "Nielsen, Frode Benedikt"]
[Result "0-1"]
[WhiteElo "1617"]
[BlackElo "1901"]
[PlyCount "64"]
[EventDate "2020.02.09"]
[EventType "swiss"]
[EventRounds "7"]
[EventCountry "DEN"]

1. d4 Nf6 2. Nf3 c5 3. e3 e6 4. c4 a6 5. a4 Nc6 6. Nc3 Qc7 7. d5 exd5 8. cxd5
Ne5 9. a5 Bd6 10. h3 O-O 11. Be2 Re8 12. O-O b5 13. axb6 Qxb6 14. Nxe5 Rxe5 15.
f4 Re8 16. Qd3 Bb7 17. Kh1 a5 18. Qf5 Bf8 19. Rf3 g6 20. Rg3 Bg7 21. Qd3 d6 22.
e4 Ba6 23. Qd1 Nxe4 24. Nxe4 Rxe4 25. Bxa6 Qxa6 26. Rga3 Rae8 27. Bd2 Bxb2 28.
Rxa5 Qd3 29. Rb1 Bd4 30. Qc1 Re2 31. Ra2 Qg3 32. Qf1 Rf2 0-1

[Event "Senior DM 2020 50+"]
[Site "Logumkloster"]
[Date "2020.02.09"]
[Round "1"]
[White "Rewitz, Poul"]
[Black "Hansen, Hans Valdemar"]
[Result "1-0"]
[WhiteElo "2186"]
[BlackElo "1801"]
[PlyCount "105"]
[EventDate "2020.02.09"]
[EventType "swiss"]
[EventRounds "7"]
[EventCountry "DEN"]

1. c4 e5 2. Nc3 Nf6 3. Nf3 Nc6 4. d4 exd4 5. Nxd4 Ne5 6. e4 Bb4 7. f4 Nc6 8.
Nxc6 bxc6 9. Bd3 d6 10. O-O Bc5+ 11. Kh1 Ng4 12. Qe1 Qf6 13. Qg3 Qd4 14. Nd1 h5
15. Bd2 Qf6 16. Bc3 Qh6 17. b4 Bb6 18. e5 Bd7 19. exd6 cxd6 20. Re1+ Kf8 21. h3
Nf6 22. f5 Bc7 23. Ne3 Rc8 24. Qh4 Bd8 25. Qd4 Ng4 26. Nxg4 hxg4 27. Qxg4 Bf6
28. Bd4 c5 29. bxc5 dxc5 30. Be3 Qh4 31. Qxh4 Rxh4 32. Rab1 Bc3 33. Red1 Bc6
34. Bxc5+ Kg8 35. Kg1 Ba4 36. Bf2 Rh5 37. Rdc1 Bd2 38. Rf1 a5 39. Be2 Rh6 40.
c5 Bc6 41. Rb6 Bb4 42. Rd1 Ba4 43. Rd5 Bc6 44. Re5 Bc3 45. Re7 Bf6 46. Ra7 Bd8
47. Rba6 Rb8 48. Be3 Rb1+ 49. Kf2 Rxh3 50. Ra8 Bxa8 51. Rxa8 Rh4 52. Rxd8+ Kh7
53. c6 1-0

[Event "Senior DM 2020 50+"]
[Site "Logumkloster"]
[Date "2020.02.09"]
[Round "1"]
[White "Beckovic, Dzano"]
[Black "Thuesen, Mogens Henrik"]
[Result "0-1"]
[WhiteElo "1691"]
[BlackElo "2203"]
[PlyCount "56"]
[EventDate "2020.02.09"]
[EventType "swiss"]
[EventRounds "7"]
[EventCountry "DEN"]

1. e4 c5 2. Bc4 e6 3. Nc3 a6 4. Be2 Nc6 5. Nf3 Nf6 6. d3 d5 7. Bg5 d4 8. e5
dxc3 9. exf6 gxf6 10. Bh4 cxb2 11. Rb1 Qa5+ 12. Nd2 Bg7 13. O-O f5 14. Nc4 Qc7
15. Nxb2 b5 16. a4 O-O 17. c4 b4 18. Bf3 Bb7 19. Bg5 Nd4 20. Bxb7 Qxb7 21. Qh5
Qc6 22. Bh6 e5 23. Bxg7 Kxg7 24. f4 Rae8 25. Rbe1 exf4 26. Rxe8 Rxe8 27. Qg5+
Qg6 28. Qxf4 Ne2+ 0-1

[Event "Senior DM 2020 50+"]
[Site "Logumkloster"]
[Date "2020.02.09"]
[Round "1"]
[White "Ambog, Ejvind Osterby"]
[Black "Hein, Jacob"]
[Result "1-0"]
[WhiteElo "1875"]
[BlackElo "1418"]
[PlyCount "81"]
[EventDate "2020.02.09"]
[EventType "swiss"]
[EventRounds "7"]
[EventCountry "DEN"]

1. Nf3 d5 2. g3 g6 3. Bg2 c6 4. O-O Bg7 5. d3 Bg4 6. Nbd2 Nd7 7. h3 Bxf3 8.
Nxf3 Qc7 9. e4 dxe4 10. dxe4 O-O-O 11. Qe2 Ngf6 12. e5 Ng8 13. Re1 e6 14. Bg5
Re8 15. h4 h6 16. Bf4 Ne7 17. c4 g5 18. hxg5 hxg5 19. Nxg5 Ng6 20. Nxf7 Nxf4
21. gxf4 Reg8 22. Nxh8 Bxh8 23. Qe3 Kb8 24. Rad1 Nf8 25. Rd3 Ng6 26. Qe4 Nh4
27. Rg3 Rxg3 28. fxg3 Qb6+ 29. Qe3 Nf5 30. Qxb6 axb6 31. Kf2 Bg7 32. Rd1 Kc7
33. Bh3 Bf8 34. Bxf5 Bc5+ 35. Kf3 exf5 36. g4 fxg4+ 37. Kxg4 Bf8 38. f5 Bg7 39.
f6 Bf8 40. e6 Bd6 41. e7 1-0

[Event "Senior DM 2020 50+"]
[Site "Logumkloster"]
[Date "2020.02.09"]
[Round "1"]
[White "Westenborg, Allan"]
[Black "Bohnstedt, Michael"]
[Result "1-0"]
[WhiteElo "1813"]
[BlackElo "1456"]
[PlyCount "47"]
[EventDate "2020.02.09"]
[EventType "swiss"]
[EventRounds "7"]
[EventCountry "DEN"]

1. d4 Nf6 2. Bf4 b6 3. e3 Nh5 4. Qxh5 g6 5. Qe5 f6 6. Qxc7 Qxc7 7. Bxc7 Bb7 8.
Nd2 d6 9. Bxb8 Rxb8 10. Bb5+ Kd8 11. Ngf3 Bd5 12. c4 Be6 13. d5 Bd7 14. a4 a5
15. Nd4 f5 16. N2f3 Bg7 17. O-O-O Rc8 18. b3 e5 19. dxe6 Bxb5 20. Nxb5 Ke7 21.
Rxd6 Rb8 22. h4 h6 23. Rd7+ Kf6 24. Rf7+ 1-0

[Event "Senior DM 2020 50+"]
[Site "Logumkloster"]
[Date "2020.02.10"]
[Round "2"]
[White "Nielsen, Frode Benedikt"]
[Black "Westenborg, Allan"]
[Result "1/2-1/2"]
[WhiteElo "1901"]
[BlackElo "1813"]
[PlyCount "84"]
[EventDate "2020.02.09"]
[EventType "swiss"]
[EventRounds "7"]
[EventCountry "DEN"]

1. e4 c5 2. Nc3 Nc6 3. g3 g6 4. Bg2 Bg7 5. d3 d6 6. Nge2 Bg4 7. h3 Bd7 8. O-O
Qc8 9. Kh2 a6 10. a4 Rb8 11. f4 f5 12. exf5 gxf5 13. Nd5 Be6 14. Nec3 h5 15.
Rh1 Bf7 16. Be3 Qd8 17. Qd2 Kf8 18. Bg1 e6 19. Ne3 Nf6 20. Ncd1 Nd4 21. a5 Qc7
22. b4 Ng4+ 23. Nxg4 hxg4 24. Bxd4 Bxd4 25. c3 gxh3 26. Bxh3 Bf6 27. Rc1 Kg7
28. Nf2 Rh7 29. g4 fxg4 30. Rhg1 Rbh8 31. Rxg4+ Kf8 32. Qe3 e5 33. fxe5 Bxe5+
34. Kg2 Qc6+ 35. Kg1 Be6 36. Bg2 Qd7 37. Rg5 Rf7 38. Rxe5 dxe5 39. Qxc5+ Qe7
40. Qxe5 Rg8 41. Qb8+ Qe8 42. Qd6+ Qe7 1/2-1/2

[Event "Senior DM 2020 50+"]
[Site "Logumkloster"]
[Date "2020.02.10"]
[Round "2"]
[White "von Bulow, Soren"]
[Black "Beckovic, Dzano"]
[Result "0-1"]
[WhiteElo "1587"]
[BlackElo "1691"]
[PlyCount "68"]
[EventDate "2020.02.09"]
[EventType "swiss"]
[EventRounds "7"]
[EventCountry "DEN"]

1. c4 f5 2. d4 e6 3. Nf3 Be7 4. Nc3 Nf6 5. e3 b6 6. Be2 Bb7 7. O-O d6 8. b3 Ne4
9. Bb2 Nd7 10. Nd2 Nxc3 11. Bxc3 Nf6 12. Rb1 O-O 13. Ba1 Qe8 14. f3 c5 15. dxc5
dxc5 16. Qc2 Qc6 17. e4 g6 18. e5 Nh5 19. Rf2 Nf4 20. Bf1 Rad8 21. g3 Nh5 22.
Bg2 Rd7 23. f4 Qc7 24. Bxb7 Qxb7 25. Nf3 h6 26. Rd1 Rfd8 27. Rxd7 Rxd7 28. Qe2
Ng7 29. Rg2 h5 30. h3 Qe4 31. Qf1 Rd3 32. Nh4 Kf7 33. Re2 Rxg3+ 34. Kh2 Qd3 0-1

[Event "Senior DM 2020 50+"]
[Site "Logumkloster"]
[Date "2020.02.10"]
[Round "2"]
[White "Thuesen, Mogens Henrik"]
[Black "Ambog, Ejvind Osterby"]
[Result "1-0"]
[WhiteElo "2203"]
[BlackElo "1875"]
[PlyCount "80"]
[EventDate "2020.02.09"]
[EventType "swiss"]
[EventRounds "7"]
[EventCountry "DEN"]

1. d4 f5 2. e4 fxe4 3. Nc3 Nf6 4. Bg5 c6 5. f3 d5 6. fxe4 dxe4 7. Nge2 Qa5 8.
Qd2 Bf5 9. O-O-O e6 10. Kb1 Bb4 11. a3 Be7 12. h3 Nbd7 13. g4 Bg6 14. Bg2 O-O
15. Nxe4 Qb6 16. Nxf6+ Nxf6 17. Ka1 Rad8 18. Qc3 Qb5 19. Bxf6 Bxf6 20. Nf4 Bf7
21. Nh5 Bxh5 22. gxh5 Qxh5 23. Qc4 Qf7 24. Rhe1 Rfe8 25. Re2 Qh5 26. c3 b5 27.
Qd3 Rd6 28. Bf3 Qf7 29. Be4 Qh5 30. Rde1 Red8 31. Bf3 Qf7 32. Be4 Qh5 33. Bf3
Qf7 34. Bg4 e5 35. Qb1 exd4 36. cxd4 Kh8 37. Be6 Qg6 38. Bf5 Qh5 39. Bxh7 Qf7
40. Bg6 Qxg6 1-0

[Event "Senior DM 2020 50+"]
[Site "Logumkloster"]
[Date "2020.02.10"]
[Round "2"]
[White "Rosenberg, Jan"]
[Black "Rewitz, Poul"]
[Result "0-1"]
[WhiteElo "1865"]
[BlackElo "2186"]
[PlyCount "92"]
[EventDate "2020.02.09"]
[EventType "swiss"]
[EventRounds "7"]
[EventCountry "DEN"]

1. d4 Nf6 2. Nf3 d5 3. Bf4 c5 4. e3 Nc6 5. c3 Qb6 6. Qb3 c4 7. Qxb6 axb6 8. Be2
b5 9. Nbd2 Bf5 10. Ne5 e6 11. g4 Bg6 12. Nxg6 hxg6 13. Bf3 b4 14. g5 Nh5 15.
Bc7 Kd7 16. Bxh5 Rxh5 17. Bf4 Be7 18. Rg1 Bd6 19. Bxd6 Kxd6 20. Nf3 Ra7 21. Rg4
Rh8 22. Rf4 Ke7 23. e4 Rha8 24. exd5 exd5 25. Kf1 Rxa2 26. Re1+ Kf8 27. Rh4 Kg8
28. Re3 Rxb2 29. Ne5 Nxe5 30. Reh3 Ra1+ 31. Kg2 f5 32. dxe5 Re1 33. Rh8+ Kf7
34. Rd8 Rxe5 35. Rd7+ Re7 36. Rxd5 bxc3 37. Rxc3 b5 38. h4 Rc7 39. h5 b4 40.
Re3 gxh5 41. g6+ Kxg6 42. Rg3+ Kf6 43. Rd6+ Kf7 44. Rdg6 Kg8 45. R6g5 c3 46.
Re3 c2 0-1

[Event "Senior DM 2020 50+"]
[Site "Logumkloster"]
[Date "2020.02.10"]
[Round "2"]
[White "Bohnstedt, Michael"]
[Black "Otten, Peter"]
[Result "1/2-1/2"]
[WhiteElo "1456"]
[BlackElo "1617"]
[PlyCount "57"]
[EventDate "2020.02.09"]
[EventType "swiss"]
[EventRounds "7"]
[EventCountry "DEN"]

1. b3 d5 2. Bb2 c5 3. e3 Nc6 4. Bb5 a6 5. Bxc6+ bxc6 6. Nf3 Bg4 7. O-O e6 8. d3
Nf6 9. Nbd2 Be7 10. c4 O-O 11. Qc2 Nd7 12. h3 Bxf3 13. Nxf3 Bf6 14. d4 cxd4 15.
exd4 Rc8 16. Rac1 Nb6 17. Qe2 dxc4 18. bxc4 c5 19. Ba3 Bxd4 20. Rfd1 Re8 21.
Nxd4 cxd4 22. c5 Na8 23. Qxa6 Qf6 24. Qd3 e5 25. Qe4 Nc7 26. Rb1 Qa6 27. Rb3
Nb5 28. Qe2 Nc7 29. Qxa6 1/2-1/2

[Event "Senior DM 2020 50+"]
[Site "Logumkloster"]
[Date "2020.02.10"]
[Round "2"]
[White "Hansen, Hans Valdemar"]
[Black "Skov, Palle"]
[Result "0-1"]
[WhiteElo "1801"]
[BlackElo "1966"]
[PlyCount "112"]
[EventDate "2020.02.09"]
[EventType "swiss"]
[EventRounds "7"]
[EventCountry "DEN"]

1. e4 c6 2. Nf3 d5 3. exd5 cxd5 4. d4 Nc6 5. Nc3 Nf6 6. Bf4 Bf5 7. Bb5 a6 8.
Ba4 b5 9. Bb3 e6 10. a4 Bb4 11. axb5 axb5 12. Rxa8 Qxa8 13. O-O Bxc3 14. bxc3
O-O 15. Nh4 Bg6 16. f3 Qa5 17. Nxg6 hxg6 18. Qd3 Rc8 19. g4 Ne7 20. Bd2 Nc6 21.
Qe3 Qa6 22. h4 Na5 23. Ra1 Qb6 24. Kg2 Nc4 25. Bxc4 dxc4 26. Qg5 Nd5 27. h5 Qd8
28. Qe5 Qf6 29. hxg6 Qxg6 30. Rc1 b4 31. cxb4 c3 32. Bf4 Nxb4 33. Qb5 Nd5 34.
Bg3 Qg5 35. Qb1 Qd2+ 36. Kh3 Ne3 37. Rg1 Nxc2 38. Qb7 Rd8 39. Qe7 Qxd4 40. Be5
Qd7 41. Qg5 f6 42. Bxf6 Rf8 43. Rd1 Qf7 44. Be5 Qxf3+ 45. Kh4 Qf2+ 46. Kh5 Qf7+
47. Qg6 Ne3 48. Qxf7+ Kxf7 49. Rd7+ Ke8 50. Rd3 Nd5 51. Rd1 c2 52. Re1 Rf2 53.
Bxg7 Re2 54. Rg1 Nf4+ 55. Kh4 Nd3 56. Bh6 Rh2+ 0-1

[Event "Senior DM 2020 50+"]
[Site "Logumkloster"]
[Date "2020.02.10"]
[Round "2"]
[White "Hein, Jacob"]
[Black "Starup, Leo"]
[Result "0-1"]
[WhiteElo "1418"]
[BlackElo "1529"]
[PlyCount "102"]
[EventDate "2020.02.09"]
[EventType "swiss"]
[EventRounds "7"]
[EventCountry "DEN"]

1. d4 Nf6 2. Nf3 d5 3. g3 e6 4. Nbd2 Bd6 5. c4 c5 6. Bg2 Nc6 7. dxc5 Bxc5 8.
Nb3 Bb4+ 9. Nbd2 O-O 10. O-O Re8 11. a3 Bf8 12. Qc2 h6 13. Rd1 Qc7 14. cxd5
exd5 15. Nd4 Qd7 16. Nf1 a5 17. Ne3 Ra6 18. Ndf5 d4 19. Bh3 Qd8 20. Bf1 Be6 21.
Ng2 Rb6 22. Be3 Bb3 23. Nxh6+ gxh6 24. Qf5 Re5 25. Qxe5 Nxe5 26. Rxd4 Qe8 27.
Rh4 Nd5 28. Bxb6 Nxb6 29. Re4 Bd5 30. Rf4 Ng6 31. Rf5 a4 32. Ne3 Bc6 33. Ng4
Bg7 34. Nf6+ Bxf6 35. Rxf6 Qe5 36. Rxc6 bxc6 37. Rc1 c5 38. Rc3 Kf8 39. f4 Qf5
40. Rd3 c4 41. Rd8+ Ke7 42. Rb8 Nf8 43. Rb7+ Nfd7 44. Bg2 Qc5+ 45. Kf1 Nd5 46.
Bh3 N5b6 47. Bg4 Qd4 48. Kg2 Qxb2 49. Bxd7 Qxe2+ 50. Kh3 Qh5+ 51. Kg2 Qd5+ 0-1

[Event "Senior DM 2020 50+"]
[Site "Logumkloster"]
[Date "2020.02.11"]
[Round "3"]
[White "Skov, Palle"]
[Black "Nielsen, Frode Benedikt"]
[Result "1-0"]
[WhiteElo "1966"]
[BlackElo "1901"]
[PlyCount "43"]
[EventDate "2020.02.09"]
[EventType "swiss"]
[EventRounds "7"]
[EventCountry "DEN"]

1. c4 e5 2. Nc3 Nf6 3. Nf3 Nc6 4. e3 Bb4 5. Qc2 O-O 6. a3 Bxc3 7. Qxc3 e4 8.
Nd4 Ne5 9. Be2 d6 10. h3 Nfd7 11. b3 Nc5 12. Bb2 Qg5 13. g4 Ncd3+ 14. Bxd3
Nxd3+ 15. Kf1 Qh4 16. Rh2 Bxg4 17. Nf5 Bxh3+ 18. Kg1 Qg4+ 19. Kh1 Ne5 20. Nh6+
gxh6 21. Rg1 h5 22. Rxh3 1-0

[Event "Senior DM 2020 50+"]
[Site "Logumkloster"]
[Date "2020.02.11"]
[Round "3"]
[White "Westenborg, Allan"]
[Black "Ambog, Ejvind Osterby"]
[Result "1/2-1/2"]
[WhiteElo "1813"]
[BlackElo "1875"]
[PlyCount "57"]
[EventDate "2020.02.09"]
[EventType "swiss"]
[EventRounds "7"]
[EventCountry "DEN"]

1. d4 e6 2. Bf4 f5 3. Nf3 Nf6 4. e3 d6 5. c3 g6 6. Nbd2 Bg7 7. h3 O-O 8. Be2
Qe7 9. Qb3 Kh8 10. Rg1 Nc6 11. Qa3 Qe8 12. Bb5 Bd7 13. O-O-O a6 14. Bxc6 Bxc6
15. Nc4 Ne4 16. Rgf1 Bb5 17. Ncd2 Bxf1 18. Rxf1 Nxd2 19. Kxd2 e5 20. Bh2 exd4
21. cxd4 Qe7 22. Rc1 Rae8 23. Qa4 Rf7 24. Bf4 h6 25. h4 Qd7 26. Qb4 Ree7 27.
Qxb7 Qa4 28. a3 c5 29. Qb8+ 1/2-1/2

[Event "Senior DM 2020 50+"]
[Site "Logumkloster"]
[Date "2020.02.11"]
[Round "3"]
[White "Starup, Leo"]
[Black "Bohnstedt, Michael"]
[Result "1-0"]
[WhiteElo "1529"]
[BlackElo "1456"]
[PlyCount "117"]
[EventDate "2020.02.09"]
[EventType "swiss"]
[EventRounds "7"]
[EventCountry "DEN"]

1. e4 b6 2. d4 Bb7 3. Bd3 e6 4. Nf3 Nf6 5. Nbd2 c5 6. c3 Nc6 7. O-O Qc7 8. Re1
e5 9. d5 Ne7 10. Nc4 Ng6 11. Bc2 Ba6 12. Ne3 d6 13. Nf5 Bc8 14. Ba4+ Bd7 15. c4
Ne7 16. Nxe5 dxe5 17. d6 Bxa4 18. Qxa4+ Qd7 19. Qxd7+ Nxd7 20. dxe7 Bxe7 21.
Nxg7+ Kd8 22. Nf5 Rg8 23. Bh6 Bf6 24. Rad1 Kc7 25. Nd6 Rg6 26. Nxf7 Bg7 27.
Bxg7 Rxg7 28. Nd6 Rag8 29. g3 Nf6 30. Nf5 Rg5 31. f3 Nh5 32. Kf2 Nf6 33. Rd6
Rf8 34. Red1 Rg6 35. Ke2 Rf7 36. Re6 Nd7 37. Rxg6 hxg6 38. Nd6 Rh7 39. h4 Nb8
40. Ne8+ Kc8 41. Nf6 Rf7 42. Ne8 Re7 43. Nd6+ Kc7 44. Nb5+ Kc8 45. Rd6 Rg7 46.
Re6 Nd7 47. Nxa7+ Kb8 48. Nc6+ Kc7 49. Nxe5 Nf8 50. Rc6+ Kb7 51. Rf6 Rg8 52.
Rf7+ Kc8 53. Rf6 Kb7 54. Rf7+ Kc8 55. Nc6 Rh8 56. Ne5 Rg8 57. Ng4 Nd7 58. Rxd7
Kxd7 59. Nf6+ 1-0

[Event "Senior DM 2020 50+"]
[Site "Logumkloster"]
[Date "2020.02.11"]
[Round "3"]
[White "Beckovic, Dzano"]
[Black "Rosenberg, Jan"]
[Result "0-1"]
[WhiteElo "1691"]
[BlackElo "1865"]
[PlyCount "88"]
[EventDate "2020.02.09"]
[EventType "swiss"]
[EventRounds "7"]
[EventCountry "DEN"]

1. f4 c5 2. Nf3 d5 3. e3 Nc6 4. c3 a6 5. d4 e6 6. Nbd2 Nf6 7. Bd3 Be7 8. O-O
O-O 9. Ng5 h6 10. Ngf3 b5 11. Ne5 Qc7 12. Bb1 Bd6 13. Qc2 Ne7 14. Ng4 Ne4 15.
Nxe4 dxe4 16. Qxe4 f5 17. Nxh6+ gxh6 18. Qxa8 Bb7 19. Qxf8+ Kxf8 20. Bd2 Qc6
21. Rf2 c4 22. Bc2 Qb6 23. b3 cxb3 24. axb3 Qc6 25. Bd3 Ng8 26. c4 bxc4 27.
Bxc4 Be7 28. Be1 Bh4 29. Bb4+ Kf7 30. Re2 Nf6 31. Rc1 Nd5 32. Bd2 Qb6 33. Kh1
Nf6 34. Rf1 Ne4 35. Bc1 a5 36. Ba3 Be7 37. Bc1 h5 38. Kg1 h4 39. Rc2 Nd6 40.
Bd2 Ne4 41. Be1 Bf6 42. Ra2 Nd6 43. Bxa5 Qc6 44. Be2 Qxg2# 0-1

[Event "Senior DM 2020 50+"]
[Site "Logumkloster"]
[Date "2020.02.11"]
[Round "3"]
[White "Otten, Peter"]
[Black "von Bulow, Soren"]
[Result "1/2-1/2"]
[WhiteElo "1617"]
[BlackElo "1587"]
[PlyCount "24"]
[EventDate "2020.02.09"]
[EventType "swiss"]
[EventRounds "7"]
[EventCountry "DEN"]

1. d4 e6 2. Nf3 f5 3. g3 Nf6 4. Bg5 Be7 5. Bg2 d6 6. O-O O-O 7. c4 Qe8 8. Nc3
c6 9. Qc2 h6 10. Bd2 Nbd7 11. Rfe1 Qf7 12. b3 Kh8 1/2-1/2

[Event "Senior DM 2020 50+"]
[Site "Logumkloster"]
[Date "2020.02.11"]
[Round "3"]
[White "Rewitz, Poul"]
[Black "Thuesen, Mogens Henrik"]
[Result "1-0"]
[WhiteElo "2186"]
[BlackElo "2203"]
[PlyCount "97"]
[EventDate "2020.02.09"]
[EventType "swiss"]
[EventRounds "7"]
[EventCountry "DEN"]

1. c4 Nf6 2. Nc3 g6 3. e4 d6 4. d4 Bg7 5. Nge2 O-O 6. Ng3 c5 7. d5 h5 8. Be2 e6
9. O-O exd5 10. cxd5 Re8 11. Bg5 Qb6 12. a4 Na6 13. Bb5 Nd7 14. a5 Qc7 15. Ba4
Nb4 16. Nb5 Qb8 17. Bf4 Bf8 18. f3 a6 19. Na3 Rd8 20. Bg5 f6 21. Bxd7 fxg5 22.
Bxc8 Qxc8 23. Qd2 Be7 24. Nc4 Qc7 25. Nb6 Rab8 26. Rac1 Rbc8 27. Rc4 Bf6 28.
Rfc1 Na2 29. R1c2 Qg7 30. Nxc8 Nb4 31. Rxb4 cxb4 32. Qxb4 Bd4+ 33. Kf1 Bc5 34.
Qc3 Qd7 35. Nb6 Qb5+ 36. Ne2 Rf8 37. Nc4 g4 38. f4 Qe8 39. Qd3 h4 40. Nd2 Qa4
41. e5 Kh7 42. g3 Qa1+ 43. Nc1 Qxa5 44. Ne4 Ba7 45. exd6 Qb6 46. Ne2 Re8 47.
Nf6+ Kh8 48. Qd4 Qb3 49. Qc3 1-0

[Event "Senior DM 2020 50+"]
[Site "Logumkloster"]
[Date "2020.02.11"]
[Round "3"]
[White "Hein, Jacob"]
[Black "Hansen, Hans Valdemar"]
[Result "0-1"]
[WhiteElo "1418"]
[BlackElo "1801"]
[PlyCount "94"]
[EventDate "2020.02.09"]
[EventType "swiss"]
[EventRounds "7"]
[EventCountry "DEN"]

1. d4 g6 2. e4 Bg7 3. Bc4 d6 4. Qf3 e6 5. c3 c6 6. h4 h5 7. Bg5 Qb6 8. Bb3 a5
9. Qe2 a4 10. Bd1 Qc7 11. Nf3 b5 12. Na3 f6 13. Bd2 Ba6 14. Nc2 b4 15. c4 c5
16. O-O Nd7 17. Rc1 Ne7 18. Bf4 e5 19. dxe5 dxe5 20. Be3 O-O 21. b3 axb3 22.
axb3 Bb7 23. Nd2 Nc6 24. Qf3 Nd4 25. Qg3 Kh7 26. f4 Ra2 27. Ra1 Rxc2 28. Bxc2
Ne2+ 29. Kh2 Nxg3 30. Kxg3 exf4+ 31. Bxf4 Ne5 32. Nf3 Bh6 33. Bxe5 fxe5 34.
Ng5+ Bxg5 35. Rxf8 Bf4+ 36. Kf3 Kg7 37. Re8 Qd7 38. Rd1 Qxe8 39. g3 Bh6 40. g4
hxg4+ 41. Kxg4 Bc8+ 42. Kf3 Qf7+ 43. Kg2 Qf4 44. Rd8 Bg4 45. Bd1 Qxe4+ 46. Kg3
Bf4+ 47. Kxg4 Qg2# 0-1

[Event "Senior DM 2020 50+"]
[Site "Logumkloster"]
[Date "2020.02.12"]
[Round "4"]
[White "Thuesen, Mogens Henrik"]
[Black "Starup, Leo"]
[Result "1-0"]
[WhiteElo "2203"]
[BlackElo "1529"]
[PlyCount "61"]
[EventDate "2020.02.09"]
[EventType "swiss"]
[EventRounds "7"]
[EventCountry "DEN"]

1. d4 Nf6 2. c4 e6 3. g3 g6 4. Bg2 d5 5. Nc3 c6 6. Nf3 Bg7 7. O-O O-O 8. Re1
Na6 9. e4 dxe4 10. Nxe4 Nc7 11. Bg5 Nce8 12. Qd2 Nxe4 13. Rxe4 f6 14. Bh6 Nd6
15. Rh4 Nf5 16. Bxg7 Nxh4 17. Bxf8 Nxf3+ 18. Bxf3 Kxf8 19. Re1 Bd7 20. Qb4+ Kf7
21. Qxb7 Qc8 22. Qb4 Rb8 23. Qd2 Qa6 24. b3 Rd8 25. Qh6 Kg8 26. Qf4 Qa5 27. Re3
f5 28. Qd6 g5 29. Bxc6 Bxc6 30. Qxe6+ Kg7 31. Qxc6 1-0

[Event "Senior DM 2020 50+"]
[Site "Logumkloster"]
[Date "2020.02.12"]
[Round "4"]
[White "Skov, Palle"]
[Black "Rewitz, Poul"]
[Result "0-1"]
[WhiteElo "1966"]
[BlackElo "2186"]
[PlyCount "60"]
[EventDate "2020.02.09"]
[EventType "swiss"]
[EventRounds "7"]
[EventCountry "DEN"]

1. c4 Nf6 2. Nf3 e6 3. g3 d5 4. Bg2 dxc4 5. Qa4+ Nbd7 6. Nc3 a6 7. Qxc4 b5 8.
Qh4 Bb7 9. O-O Be7 10. d3 c5 11. Bg5 h6 12. Nd2 Bxg2 13. Kxg2 O-O 14. Bxf6 Nxf6
15. Qf4 Qb6 16. Nde4 Nd7 17. Qe3 Rac8 18. f4 c4 19. Qf3 cxd3 20. Qxd3 Rfd8 21.
Qf3 b4 22. Nd1 Rc2 23. Ne3 Rc7 24. f5 Nf6 25. fxe6 Qxe6 26. Nf2 Nh7 27. Nd3 Ng5
28. Nf4 Qe5 29. Qf2 Bc5 30. Nd3 Qe4+ 0-1

[Event "Senior DM 2020 50+"]
[Site "Logumkloster"]
[Date "2020.02.13"]
[Round "5"]
[White "Rewitz, Poul"]
[Black "Otten, Peter"]
[Result "1-0"]
[WhiteElo "2186"]
[BlackElo "1617"]
[PlyCount "45"]
[EventDate "2020.02.09"]
[EventType "swiss"]
[EventRounds "7"]
[EventCountry "DEN"]

1. c4 c5 2. Nc3 Nc6 3. Nf3 Nf6 4. d4 cxd4 5. Nxd4 Nxd4 6. Qxd4 d6 7. e4 Be6 8.
Nd5 Nxd5 9. cxd5 Bd7 10. Bd3 f6 11. h4 g6 12. h5 Bg7 13. h6 Bf8 14. Bd2 Kf7 15.
f4 Rg8 16. e5 e6 17. Bc4 Qe7 18. O-O-O Rc8 19. Kb1 dxe5 20. fxe5 Qc5 21. dxe6+
Bxe6 22. Qd7+ Be7 23. Qxe6+ 1-0

[Event "Senior DM 2020 50+"]
[Site "Logumkloster"]
[Date "2020.02.13"]
[Round "5"]
[White "Rosenberg, Jan"]
[Black "Thuesen, Mogens Henrik"]
[Result "0-1"]
[WhiteElo "1865"]
[BlackElo "2203"]
[PlyCount "57"]
[EventDate "2020.02.09"]
[EventType "swiss"]
[EventRounds "7"]
[EventCountry "DEN"]

1. d4 Nf6 2. Bf4 g6 3. Nd2 Bg7 4. c3 O-O 5. h3 d6 6. e4 Nc6 7. Ngf3 e5 8. dxe5
dxe5 9. Nxe5 Nxe5 10. Bxe5 Re8 11. Bxf6 Bxf6 12. Qf3 Bg5 13. Rd1 Bf5 14. Be2
Be6 15. Nb3 Qe7 16. O-O a5 17. Rfe1 a4 18. Nd2 Bxa2 19. Nf1 Bb3 20. Ra1 Qxe4
21. Qxe4 Rxe4 22. Bf3 Rxe1 23. Rxe1 c6 24. Ng3 f5 25. Re5 Bc1 26. Re7 Bxb2 27.
Rxb7 a3 28. Rxb3 a2 29. Rxb2 0-1

[Event "Senior DM 2020 50+"]
[Site "Logumkloster"]
[Date "2020.02.14"]
[Round "6"]
[White "Thuesen, Mogens Henrik"]
[Black "Skov, Palle"]
[Result "1-0"]
[WhiteElo "2203"]
[BlackElo "1966"]
[PlyCount "117"]
[EventDate "2020.02.09"]
[EventType "swiss"]
[EventRounds "7"]
[EventCountry "DEN"]

1. d4 Nf6 2. Bg5 d5 3. Bxf6 exf6 4. e3 Bf5 5. c4 Bxb1 6. Qxb1 Bb4+ 7. Kd1 Be7
8. Qf5 dxc4 9. Bxc4 Qd7 10. Qxd7+ Nxd7 11. Nf3 O-O 12. Ke2 Nb6 13. Rhc1 Nxc4
14. Rxc4 Bd6 15. g4 Rfe8 16. h3 Rad8 17. a4 a5 18. Nd2 c6 19. Kf3 Bb4 20. Ne4
Re6 21. Rac1 Kf8 22. Nc5 Re7 23. Nd3 Bd6 24. h4 Red7 25. h5 h6 26. Ne1 Rb8 27.
b3 Ke8 28. Ng2 Bf8 29. Nf4 Bd6 30. Ng2 Bf8 31. Nh4 Rd6 32. Nf5 Rd7 33. R1c3
Rbd8 34. Rc1 Rd5 35. e4 R5d7 36. Rd1 g6 37. Ne3 gxh5 38. gxh5 b5 39. Rxc6 bxa4
40. bxa4 Rxd4 41. Rxd4 Rxd4 42. Nf5 Rd1 43. Ke2 Rd7 44. Rxf6 Bb4 45. Rxh6 Rd2+
46. Kf1 Ra2 47. Rh8+ Kd7 48. h6 Bc5 49. Kg2 Bxf2 50. Kf3 Be1 51. Rf8 Ke6 52.
Nd4+ Ke7 53. h7 Ra3+ 54. Ke2 Rh3 55. h8=Q Rh5 56. Qh6 Rxh6 57. Rg8 Rh8 58. Rxh8
Bc3 59. Kd3 1-0